Manual de usuario : sistema de seguridad sistema de seguridad
Descripción Física:
[58] f. ; 30 cm
MARC
| LEADER | 00000nam a2200000Ia 4500 | ||
|---|---|---|---|
| 001 | 22615 | ||
| 008 | 160829s1994 xx 000 0 cat d | ||
| 080 | |a C-3-290 | ||
| 245 | |a Manual de usuario : |b sistema de seguridad | ||
| 260 | |a Barcelona : |b Diputació de Barcelona, |c 1994 | ||
| 300 | |a [58] f. ; |c 30 cm | ||
| 650 | |a Sistemes de seguretat |9 44592 | ||
| 650 | 0 | |a Barcelona (Catalunya : Província). Diputació |x Mesures de seguretat |9 44593 | |
| 710 | 1 | |a Barcelona (Catalunya : Província). |b Diputació |9 52408 | |
| 901 | |a Arxiu | ||
| 942 | |n 1 | ||
| 952 | |0 0 |1 0 |4 0 |6 C3290 |7 1 |9 52022 |a Arxiu |b Arxiu |d 2016-12-01 |l 0 |o C-3-290 |p 22615 |r 2016-12-01 00:00:00 |w 2016-12-01 |y ARXIU | ||
| 999 | |c 55870 |d 55870 | ||